[Event "Martorell op 35th"]
[Site "Martorell"]
[Date "2017.10.28"]
[Round "6"]
[White "Aparici Dealbert, Manel"]
[Black "Bolta Tobella, Francisco"]
[Result "1-0"]
[WhiteElo "1828"]
[BlackElo "1952"]
[PlyCount "59"]
[EventDate "2017.09.16"]
[EventType "swiss"]
[EventRounds "9"]
[EventCountry "ESP"]
[SourceTitle "CBM 189 Extra"]
[Source "ChessBase"]
[SourceDate "2019.06.03"]
[SourceVersion "1"]
[SourceVersionDate "2019.06.03"]
[SourceQuality "1"]

1. d4 Nf6 2. c4 g6 3. Nc3 Bg7 4. e4 d6 5. Be2 0-0 6. Bf4 Re8 7. h4 h5 8. f3 c6 9. Qd2 Nbd7 10. Bh6 Bh8 11. g4 e5 12. d5 cxd5 13. Nxd5 Nxd5 14. cxd5 Nf6 15. Bg5 hxg4 16. h5 Qd7 17. hxg6 fxg6 18. Rxh8+ Kxh8 19. Bxf6+ Kg8 20. fxg4 Rf8 21. g5 Qa4 22. Bd3 Rf7 23. Bc2 Qd4 24. 0-0-0 Qc4 25. Kb1 Bg4 26. Rc1 Rh7 27. Bd3 Qd4 28. Qc3 Qf2 29. Bb5 Rc8 30. Qxc8+ 1-0

[Event "Badalona op-B 41st"]
[Site "Badalona"]
[Date "2015.08.02"]
[Round "1"]
[White "Rojas Fernandez, Andres"]
[Black "Aparici Dealbert, Manel"]
[Result "1-0"]
[WhiteElo "2092"]
[BlackElo "1973"]
[PlyCount "77"]
[EventDate "2015.08.02"]
[EventType "swiss"]
[EventRounds "9"]
[EventCountry "ESP"]
[SourceTitle "EXT 2016"]
[Source "ChessBase"]
[SourceDate "2015.10.08"]
[SourceVersion "1"]
[SourceVersionDate "2015.10.08"]
[SourceQuality "1"]

1. e4 e6 2. d4 d5 3. Nd2 dxe4 4. Nxe4 Nc6 5. Nf3 Nf6 6. Bg5 Be7 7. Bxf6 Bxf6 8. Bb5 Bd7 9. 0-0 a6 10. Be2 0-0 11. c3 Be7 12. Qc2 Bd6 13. Rad1 Ne7 14. Ne5 f6 15. Nc4 Bc6 16. Na5 Qd7 17. Bf3 f5 18. Nc5 Qc8 19. Nxc6 bxc6 20. Nd3 Rb8 21. Rfe1 Nd5 22. Ne5 Bxe5 23. Rxe5 Rf6 24. Rde1 Qd7 25. b3 Nf4 26. g3 Ng6 27. R5e2 Re8 28. Bh5 Re7 29. Bxg6 Rxg6 30. f4 h5 31. Rg2 Qd5 32. h4 Qf3 33. Kh2 Rd7 34. Ree2 c5 35. Rd2 cxd4 36. Rxd4 Rxd4 37. cxd4 c6 38. Qe2 a5 39. Qxf3 1-0

[Event "Barcelona Sant Marti op-B 17th"]
[Site "Barcelona"]
[Date "2015.07.19"]
[Round "7"]
[White "Aparici Dealbert, Manel"]
[Black "Gonzalez Martin, Fernando"]
[Result "0-1"]
[WhiteElo "1988"]
[BlackElo "1921"]
[PlyCount "120"]
[EventDate "2015.07.13"]
[EventType "swiss"]
[EventRounds "9"]
[EventCountry "ESP"]
[SourceTitle "EXT 2016"]
[Source "ChessBase"]
[SourceDate "2015.10.08"]
[SourceVersion "1"]
[SourceVersionDate "2015.10.08"]
[SourceQuality "1"]

1. d4 Nf6 2. c4 g6 3. Nc3 d5 4. Bg5 Ne4 5. Nxe4 dxe4 6. Qd2 Bg7 7. Rd1 h6 8. Bf4 Nc6 9. e3 e5 10. dxe5 Qxd2+ 11. Rxd2 Nxe5 12. Rd5 Nc6 13. Rd2 Ne5 14. c5 Be6 15. a3 0-0 16. Ne2 Nd3+ 17. Rxd3 exd3 18. Nd4 Bxd4 19. exd4 c6 20. Bxd3 g5 21. Bg3 Rad8 22. Bd6 Rfe8 23. Kd2 Kg7 24. Rf1 b5 25. f4 f6 26. fxg5 hxg5 27. Rf2 Rh8 28. h3 Rh4 29. Re2 Kf7 30. Kc3 a5 31. Bg6+ Kxg6 32. Rxe6 Kf5 33. Re7 g4 34. hxg4+ Rxg4 35. g3 Rc8 36. Kd3 Rgg8 37. b3 Rge8 38. Ra7 Ra8 39. Rc7 Rec8 40. Re7 a4 41. b4 Re8 42. d5 Rxe7 43. Bxe7 cxd5 44. Kd4 Ke6 45. Bd6 Rg8 46. Bf4 Rc8 47. Bd6 Rh8 48. Bf4 Rh1 49. Kc3 Kd7 50. Kb2 Rf1 51. Bb8 Rf3 52. Bf4 d4 53. Bd6 Kc6 54. Bf4 Kd5 55. Bd6 Rc3 56. Be7 f5 57. Bd6 Rc4 58. Bf4 Ke4 59. Bd2 Kf3 60. Bf4 Ke2 0-1

[Event "Barcelona Sant Marti op-B 17th"]
[Site "Barcelona"]
[Date "2015.07.18"]
[Round "6"]
[White "Arce, Sebastian"]
[Black "Aparici Dealbert, Manel"]
[Result "0-1"]
[WhiteElo "1914"]
[BlackElo "1988"]
[PlyCount "23"]
[EventDate "2015.07.13"]
[EventType "swiss"]
[EventRounds "9"]
[EventCountry "ESP"]
[SourceTitle "EXT 2016"]
[Source "ChessBase"]
[SourceDate "2015.10.08"]
[SourceVersion "1"]
[SourceVersionDate "2015.10.08"]
[SourceQuality "1"]

1. e4 e6 2. d4 d5 3. Nd2 c5 4. c3 Nc6 5. exd5 Qxd5 6. Ndf3 cxd4 7. cxd4 Nf6 8. Bd3 Bd7 9. Ne2 Be7 10. 0-0 0-0 11. Ng3 Rfd8 12. Ne4 0-1